Countries by City #6 - Statistics

General Stats
  • This quiz has been taken 23 times
  • The average score is 14 of 20
Answer Stats
City Country % Correct
Montpellier France
95%
Bergen Norway
95%
Omsk Russia
95%
Gothenburg Sweden
95%
Qingyuan China
90%
Bloemfontein South Africa
90%
Zaragoza Spain
90%
Kampala Uganda
90%
Mbabane Eswatini
85%
Libreville Gabon
85%
Oaxaca Mexico
85%
Gaborone Botswana
80%
Maseru Lesotho
80%
Kosice Slovakia
55%
Fujairah United Arab Emirates
40%
Thun Switzerland
35%
Hargeisa Somalia
30%
El Calafate Argentina
25%
Santiago de los Caballeros Dominican Republic
25%
Esteli Nicaragua
15%
No matching quizzes found
Score Distribution
Percent of People with Each Score
Percentile by Number Answered
Your Score History
You have not taken this quiz